Most Visited Countries by Chileans - Statistics

General Stats
  • This quiz has been taken 1,220 times
  • The average score is 4 of 5
Answer Stats
No.tourists Destination % Correct
1,224,747 Argentina
97%
197,605 United States
97%
176,309 Brazil
96%
860,530 Peru
91%
42,175 Spain
61%
No matching quizzes found
Score Distribution
Percent of People with Each Score
Percentile by Number Answered
Your Score History
You have not taken this quiz